000 00550nam a2200193Ia 4500
003 GCL
008 140319s9999 xx 000 0 ara d
040 _aGCL /
_cGCL
082 0 4 _a370.19
_bش ت
100 1 _aشبل بدران
245 1 0 _aالتربية: والنظام السياسى /
_cشبل بدران
260 _a[S.N] :
_bدار المعرفة الجامعية ،
_c1993
300 _a227 ص
490 _a
650 0 4 _aالتعليم
650 0 4 _aالتربية
650 0 4 _aعلم النفس التربوى
942 _2ddc
_cBK
999 _c35953
_d35953